Irish Counties By First 2 Letters - Statistics

General Stats
  • This quiz has been taken 41 times
  • The average score is 21 of 29
Answer Stats
Hint Answer % Correct
DU Dublin
95%
GA Galway
95%
KE Kerry
95%
WA Waterford
89%
LI Limerick
87%
WE Wexford
84%
DE Derry
82%
DO Donegal
82%
SL Sligo
82%
TI Tipperary
82%
AR Armagh
79%
MA Mayo
79%
TY Tyrone
76%
WI Wicklow
76%
AN Antrim
74%
KI Kilkenny
74%
CL Clare
71%
KI Kildare
68%
OF Offaly
66%
RO Roscommon
66%
CA Cavan
63%
LO Louth
63%
FE Fermanagh
61%
MO Monaghan
61%
WE West Meath
61%
DO Down
58%
CA Carlow
55%
LO Longford
55%
LE Leitrem
5%
No matching quizzes found
Score Distribution
Percent of People with Each Score
Percentile by Number Answered
Your Score History
You have not taken this quiz